Normal view
MARC view
- بحوث واوراق عمل ملتقى "تخطيط المدينة الالكترونية"
Entry Personal Name
001 - CONTROL NUMBER
- control field: 44945
003 - CONTROL NUMBER IDENTIFIER
- control field: JO-AjAnu
005 - DATE AND TIME OF LATEST TRANSACTION
- control field: 20230606081434.0
008 - FIXED-LENGTH DATA ELEMENTS
- fixed length control field: 230606|| aca||aabn | a|a d
040 ## - CATALOGING SOURCE
- Original cataloging agency: JO-AjAnu
- Transcribing agency: JO-AjAnu
100 ## - HEADING--PERSONAL NAME
- Personal name: بحوث واوراق عمل ملتقى "تخطيط المدينة الالكترونية"
670 ## - SOURCE DATA FOUND
- Source citation: Work cat.: (JO-AjAnu)23014: بحوث واوراق عمل ملتقى "تخطيط المدينة الالكترونية", author, الادارة الالكترونية مدخل الى المدينة الالكترونية